00864nam a2200253 a 450000100100000000500170001000800410002702000150006804000250008304100380010808200150014610000280016124000320018924500710022126000360029230000200032849000230034853400420037170000280041383000300044104900090047195201130048099900170059300002414220200930022743.0110119s1993 ag r 000 j spa d a9500413108 aDO-SdBNPbspacBNPHU aenghspa2Código de idioma MARC axxxbG118p1 aGabriel , Marius94957014aThe original sinlespañol13aEl pecado original /cMarius Gabriel; traducción de Edith Zilli. aBuenos Aires :bEMECÉ,c1993. a631 p ;c22 cm. aGrandes Novelistas aTítulo original :tThe original sin1 aZilli, Edithetr.93228 0aGrandes Novelistas911566 aBNGR 001050718MOaGRbGRcCTd2011-01-19iLF1l0oxxx G118pp24142-10r2020-06-25w2020-06-25y1ZNo se presta c23636d23636